Partial internal hemipelvectomy as rescue therapy in obstipation in four dogs: case report (Registro n. 327924)
[ somente texto ]
| 000 -LÍDER | |
|---|---|
| fixed length control field | 02712nab a2200337 i 4500 |
| 003 - CÓDIGO MARC DA AGÊNCIA CATALOGADORA | |
| Campo de controle | BR-BrBNA |
| 005 - DATA E HORA DA ÚLTIMA ATUALIZAÇÃO | |
| Campo de controle | 20241003151637.0 |
| 008 - CAMPO DE TAMANHO FIXO | |
| fixed length control field | 241003b2018 bl.|r|pooa||| 00| 0 eng | |
| 040 ## - FONTE DA CATALOGAÇÃO | |
| Agência catalogadora | BR-BrBNA |
| Idioma da catalogação | eng |
| 072 ## - CATEGORIA AGRIS | |
| Código AGRIS | L74 |
| Código do objeto | 5400 |
| 072 ## - CATEGORIA AGRIS | |
| Código AGRIS | L40 |
| 100 ## - ENTRADA PRINCIPAL - NOME PESSOAL | |
| Nome pessoal | Costa, R.C. |
| 100 ## - ENTRADA PRINCIPAL - NOME PESSOAL | |
| Nome pessoal | Rossignoli, P.P. |
| 100 ## - ENTRADA PRINCIPAL - NOME PESSOAL | |
| Nome pessoal | Facin, A.C. |
| 100 ## - ENTRADA PRINCIPAL - NOME PESSOAL | |
| Nome pessoal | Nazaret, T.L. |
| 100 ## - ENTRADA PRINCIPAL - NOME PESSOAL | |
| Nome pessoal | Minto, B.W. |
| 100 ## - ENTRADA PRINCIPAL - NOME PESSOAL | |
| Nome pessoal | Dias, L.G.G.G. |
| 245 ## - TÍTULO PRINCIPAL | |
| Título principal | Partial internal hemipelvectomy as rescue therapy in obstipation in four dogs: case report |
| 500 ## - NOTA GERAL | |
| Nota geral | <br/>Publicação online; 14 ref.; Summaries (En, Pt) |
| 942 ## - ADDED ENTRY ELEMENTS (KOHA) | |
| Koha item type | Analítica |
| 520 ## - NOTA DE RESUMO | |
| Nota de conteúdo | <br/><br/>ABSTRACT - Multiple pelvic fractures can lead to narrowing of the pelvic canal and loss of life quality. Hemipelvectomy, characterized by removal of bone fragments from the pelvis, is considered a rescue therapy. This report describes the technique of caudal partial hemipelvectomy in four cases of obstipation secondary to traumatic pelvic canal narrowing in four dogs, with promising results. All patients had tenesmus and fecal retention. After the procedure, the patients presented immediate normochezia and support of the ipsilateral limb after 10 to 20 days, showing the feasibility of the technique in small animals, providing clinical improvement without walking alterations.<br/><br/><br/>Keywords: canine, obstipation, pelvic canal stenosis, pelvis, surgery |
| 520 ## - NOTA DE RESUMO | |
| Nota de conteúdo | <br/><br/>RESUMO - Múltiplas fraturas da pelve podem gerar angústia pélvica. A hemipelvectomia, caracterizada pela remoção de fragmentos ósseos da pelve, é considerada terapia de salvamento. O presente relato descreve a técnica de hemipelvectomia interna parcial em quatro casos de obstipação por angústia pélvica traumática em cães, com resultados alvissareiros. Todos os pacientes apresentavam tenesmo e retenção fecal. Após a realização do procedimento, os pacientes apresentaram normoquesia imediata e apoio do membro ipsilateral ao procedimento após 10 a 20 dias, mostrando a exequibilidade da técnica em animais leves, uma vez que houve melhora clínica sem alterações na deambulação.<br/><br/><br/>Palavras-chave: canino, constipação, estenose do canal pélvico, pelve |
| 650 ## - ASSUNTO - THESAGRO | |
| Cabeçalho tópico ou nome geográfico | CÃO |
| 650 ## - ASSUNTO - THESAGRO | |
| Cabeçalho tópico ou nome geográfico | DISTÚRBIO FISIOLÓGICO |
| 650 ## - ASSUNTO - THESAGRO | |
| Cabeçalho tópico ou nome geográfico | FRATURA |
| 650 ## - ASSUNTO - THESAGRO | |
| Cabeçalho tópico ou nome geográfico | PELVIS |
| 650 ## - ASSUNTO - THESAGRO | |
| Cabeçalho tópico ou nome geográfico | VETERINÁRIA |
| 773 0# - ENTRADA ANALÍTICA | |
| Host Biblionumber | 1643 |
| Registro do item | 344976 |
| Imprenta | Belo Horizonte-MG Universidade Federal de Minas Gerais - Escola de Veterinaria 1983 |
| Outro identificador | 2024-5389 |
| Título | Arquivo Brasileiro de Medicina Veterinária e Zootecnia (Brazil) |
| ISSN | 0102-0935 |
| Colação | v. 70(6) p. 1703-1708; (2018) |
| Número de controle de registro | BR2024002780 |
| 856 ## - ACESSO E ENDEREÇO ELETRÔNICO | |
| Identificador uniforme de recurso - URI | https://www.scielo.br/j/abmvz/a/8V7HxbVsmgfHDbpdWhYw5CB/?format=pdf&lang=en |
Nenhum exemplar disponível.

BINAGRI